| 000 | 00950nam a2200265 i 4500 | ||
|---|---|---|---|
| 001 | 000029256 | ||
| 003 | DO-SdBNP | ||
| 005 | 20250407151921.0 | ||
| 007 | ta | ||
| 008 | 090708s2010 dr a 000 0dspa d | ||
| 040 |
_aDO-SdBNP _bspa _cBNPHU _erda |
||
| 049 | _aBNPD | ||
| 082 |
_aF-RD 18 _222 |
||
| 245 | 0 | 0 |
_aIdeario de Duarte / _ccompilado y anotado por Vetilio Alfau Durán ; presentación José Joaquín Pérez Saviñon. |
| 250 | _a27ª ed. | ||
| 260 |
_aSanto Domingo : _bInstituto Duartiano, _bMuseo y Casa de Duarte, _c2010. |
||
| 300 |
_a38 p. ; : _bil., retrs. ; _c14 cm. |
||
| 504 | _aBibliografía y notas : p. 37-38 | ||
| 600 | 1 | 0 |
_aDuarte, Juan Pablo, _d1813-1876 _91494 |
| 651 | 4 |
_aRepública Dominicana _xHistoria _y1844-1930 _xFuentes _938423 |
|
| 700 | 1 |
_aAlfau Durán, Vetilio, _d1909-1985 _ecomp. _910091 |
|
| 700 | 1 |
_aPérez Saviñón, José Joaquín _955022 |
|
| 910 | _aValidado. Control de calidad EMS | ||
| 942 |
_2ddc _cLF2 |
||
| 999 |
_c28748 _d28748 |
||